Sunday morning. Ben Stein on Obama's priorities / Opinion :

This segment of Sunday Morning is about President Obama, and offers a critique of his administration as one having insufficient focus on the economy.

Bibliographic Details
Other Authors: Stein, Benjamin, 1944- (Speaker)
Format: Video
Language:English
Language Notes:In English.
Published: New York, NY : Columbia Broadcasting System, 2009.
Series:Academic Video Online
Subjects:
Online Access:Connect to this streaming video (Alexander Street Press)

MARC

Tag First Indicator Second Indicator Subfields
LEADER 00000cgm a2200000Mi 4500
001 in00005597708
006 m o c
007 cr |n||||||||a
007 vz |za|z|
008 180830s2009 nyu003 e o vueng d
005 20241201233913.9
035 |a (OCoLC)on1103987082 
040 |a ALSTP  |b eng  |e rda  |c ALSTP  |d OCLCO  |d OCLCF  |d OCLCO  |d OCLCL  |d OCLCQ  |d NUI 
019 |a 1373513755  |a 1430847186  |a 1444004038 
035 |a (OCoLC)1103987082  |z (OCoLC)1373513755  |z (OCoLC)1430847186  |z (OCoLC)1444004038 
049 |a TXAM 
245 0 0 |a Sunday morning.  |p Opinion :  |b Ben Stein on Obama's priorities /  |c produced by Columbia Broadcasting System. 
246 3 0 |a Opinion :  |b Ben Stein on Obama's priorities 
264 1 |a New York, NY :  |b Columbia Broadcasting System,  |c 2009. 
300 |a 1 online resource (3 minutes) 
306 |a 000212 
336 |a two-dimensional moving image  |b tdi  |2 rdacontent 
337 |a computer  |b c  |2 rdamedia 
337 |a video  |b v  |2 rdamedia 
338 |a online resource  |b cr  |2 rdacarrier 
347 |a video file  |2 rda 
490 0 |a Academic Video Online 
500 |a Title from resource description page (viewed May 8, 2019). 
520 |a This segment of Sunday Morning is about President Obama, and offers a critique of his administration as one having insufficient focus on the economy. 
546 |a In English. 
600 1 0 |a Obama, Barack. 
600 1 7 |a Obama, Barack.  |2 fast  |0 (OCoLC)fst00348231  |1 https://id.oclc.org/worldcat/entity/E39PBJjCKvFkHQ3F9QhY6vw3cP 
651 0 |a United States  |x Economic conditions. 
650 0 |a Recessions  |z United States. 
651 6 |a États-Unis  |x Conditions économiques. 
650 6 |a Récessions  |z États-Unis. 
650 7 |a Economic history.  |2 fast  |0 (OCoLC)fst00901974 
650 7 |a Recessions.  |2 fast  |0 (OCoLC)fst01091358 
651 7 |a United States.  |2 fast  |0 (OCoLC)fst01204155  |1 https://id.oclc.org/worldcat/entity/E39PBJtxgQXMWqmjMjjwXRHgrq 
655 7 |a Television news programs.  |2 fast  |0 (OCoLC)fst01710455 
655 7 |a Television news programs.  |2 lcgft 
655 7 |a Téléjournaux.  |2 rvmgf 
700 1 |a Stein, Benjamin,  |d 1944-  |e speaker.  |1 https://id.oclc.org/worldcat/entity/E39PBJqBkxBQJrXcjgbqDbg7pP 
710 2 |a CBS Inc.,  |e production company. 
758 |i has work:  |a Sunday morning Opinion (MovingImage)  |1 https://id.oclc.org/worldcat/entity/E39PCGMGrYhVGv6b3KH8QB4BxC  |4 https://id.oclc.org/worldcat/ontology/hasWork 
856 4 0 |u http://proxy.library.tamu.edu/login?url=https://www.aspresolver.com/aspresolver.asp?MARC;3166478  |z Connect to this streaming video (Alexander Street Press)  |t 0 
955 |a Alexander Street Press subscription streaming video 
994 |a 92  |b TXA 
999 f f |s 6cfea061-7fa7-45d5-81dd-39f349f3aa3a  |i 58bbae97-447e-4274-8a3e-19d8b3561861  |t 0 
952 f f |a Texas A&M University  |b College Station  |c Electronic Resources  |d Available Online  |t 0  |h Library of Congress classification 
998 f f |t 0  |l Available Online